000 00563nam a2200169 i 4500
001 73534
003 ES-MaACL
005 20250902063058.0
007 t|
008 040908s1932 sp ||||1| spa d
100 1 _aGómez Jaime, Alfredo,
_d1878-1946
_957995
245 1 3 _aEl explorador del infinito
_b: novela teatral en cuatro partes /
_cAlfredo Gómez Jaime.
260 _a[S.l. :
_bs.n.],
_c1932 (
_eVigo :
_fLa nueva prensa)
300 _a105 p. ;
_c21 cm.
852 _aES-MaACL
_jA-1112
_zv.- Ded. ms. del autor al Ateneo
999 _c73534
_d73534